000 00703na a2200241 4500
001 24312
003 MIRAKIL
005 20181213155334.0
008 180912b tu 000 0
020 _a9789756238288
040 _aMilas
_btur
_cTR-AnCHP
041 _atur
082 _a070.442
_bA88u 2007
090 _a070.442 A88u 2007
100 _aAvuç, Hüseyin
245 _aUyan ey halkım
_bBu cumhuriyet namusumuzdur!
_cHüseyin Avuç
260 _aİstanbul
_bNergiz Yayınları
_c2007
_fKilim matbaası
300 _a365 s.
_c21 sm.
500 _aYapıt yazarından imzalıdır.
650 _aGazete yazıları
_xTürkiye
740 _aBu cumhuriyet namusumuzdur!
942 _2ddc
_cBKS
999 _c10812
_d10812